[Event "LLHH 2122 Hamburger SK V - Hamburger SK"]
[Site "?"]
[Date "2021.12.11"]
[Round "3.7"]
[White "Kort, Felix"]
[Black "Nugel, Karl-Heinz"]
[Result "1-0"]
[WhiteElo "1862"]
[BlackElo "2016"]
[PlyCount "51"]
[EventDate "2021.??.??"]

1. d4 Nf6 2. c4 g6 3. f3 c5 4. d5 d6 5. e4 Bg7 6. Nc3 O-O 7. Be3 e6 8. Qd2 exd5
9. cxd5 Na6 10. Bxa6 bxa6 11. Nge2 Nd7 12. h4 Ne5 13. b3 f5 14. Rd1 fxe4 15.
Nxe4 Bf5 16. N2g3 c4 17. Nxf5 gxf5 18. Ng5 f4 19. Bg1 Qe7 20. Kf1 cxb3 21. axb3
Rab8 22. Bd4 Rfc8 23. Qxf4 Rxb3 24. Qf5 Rcb8 25. Qxh7+ Kf8 26. Ne6+ 1-0

[Event "LLHH 2122 Hamburger SK V - Hamburger SK"]
[Site "?"]
[Date "2021.12.11"]
[Round "3.8"]
[White "Kleiner, Michael"]
[Black "Fuhrmann, Bahne"]
[Result "1/2-1/2"]
[WhiteElo "2092"]
[BlackElo "1878"]
[PlyCount "90"]
[EventDate "2021.??.??"]

1. e4 e5 2. Nf3 Nc6 3. Bb5 a6 4. Bxc6 dxc6 5. h3 Bc5 6. O-O f6 7. Nc3 Be6 8.
Ne2 Qd7 9. d4 exd4 10. Nfxd4 O-O-O 11. Be3 g5 12. c3 h5 13. Qc2 Bd6 14. Nxe6
Qxe6 15. Nd4 Qd7 16. f4 gxf4 17. Bxf4 Bxf4 18. Rxf4 c5 19. Nf5 Qd2 20. Qxd2
Rxd2 21. Rf2 Rd3 22. Re1 Rh7 23. e5 fxe5 24. Rxe5 b6 25. Re8+ Rd8 26. Rfe2 Nf6
27. Rxd8+ Kxd8 28. c4 Kd7 29. Re5 Ne8 30. b3 Nd6 31. Ne3 Nc8 32. Kf2 Ne7 33.
Rg5 h4 34. Kf3 Rf7+ 35. Ke2 Nc6 36. Rg4 Nd4+ 37. Kd3 Rf2 38. Rxh4 Rxa2 39. g4
Nxb3 40. g5 Ke6 41. Rh6+ Ke5 42. Ng4+ Kf5 43. g6 Nc1+ 44. Kc3 Ne2+ 45. Kb3 Nc1+
1/2-1/2

[Event "LLHH 2122 Hamburger SK IV - SK Weisse D"]
[Site "?"]
[Date "2021.12.12"]
[Round "3.1"]
[White "Schoeneshoefer, Adrian"]
[Black "Weihrauch, Jakob"]
[Result "1/2-1/2"]
[WhiteElo "2010"]
[BlackElo "2053"]
[PlyCount "47"]
[EventDate "2021.??.??"]

1. e4 c5 2. Nf3 d6 3. c3 Nf6 4. h3 Nc6 5. Bd3 g6 6. Bc2 e5 7. O-O Bg7 8. d4
exd4 9. cxd4 cxd4 10. Nxd4 O-O 11. Nc3 d5 12. Nxc6 bxc6 13. Bg5 Qb6 14. Na4 Qc7
15. Bxf6 Bxf6 16. Qf3 Bg7 17. exd5 cxd5 18. Bb3 Bd7 19. Rac1 Qd8 20. Nc3 d4 21.
Ne4 Bf5 22. Ng3 Bd7 23. Ne4 Bf5 24. Ng3 1/2-1/2

[Event "LLHH 2122 Hamburger SK IV - SK Weisse D"]
[Site "?"]
[Date "2021.12.12"]
[Round "3.2"]
[White "Frackowiak, Oliver"]
[Black "Mandelbaum, Peter-Rene"]
[Result "1/2-1/2"]
[WhiteElo "2164"]
[BlackElo "2074"]
[PlyCount "26"]
[EventDate "2021.??.??"]

1. e4 c6 2. d4 d5 3. e5 Bf5 4. Nf3 e6 5. Be2 c5 6. c4 dxc4 7. O-O Nc6 8. Bxc4
cxd4 9. Bb5 Bc5 10. Qa4 Nge7 11. Bg5 O-O 12. Nbd2 Rc8 13. Rac1 Bb6 1/2-1/2

[Event "LLHH 2122 Hamburger SK IV - SK Weisse D"]
[Site "?"]
[Date "2021.12.12"]
[Round "3.3"]
[White "Lansky, Georg"]
[Black "Meier, David Geffrey"]
[Result "1/2-1/2"]
[WhiteElo "2010"]
[BlackElo "2094"]
[PlyCount "123"]
[EventDate "2021.??.??"]

1. e4 e6 2. d4 d5 3. Nc3 Bb4 4. e5 c5 5. a3 Bxc3+ 6. bxc3 Ne7 7. Qg4 Qc7 8. Bd3
cxd4 9. Ne2 Qxe5 10. cxd4 h5 11. Qh4 Qc7 12. Bf4 Qa5+ 13. Bd2 Qd8 14. Qg3 Kf8
15. O-O Nbc6 16. Bg5 f6 17. Bd2 e5 18. dxe5 Nxe5 19. Bb4 Kf7 20. Bxe7 Qxe7 21.
Nf4 h4 22. Bg6+ Kf8 23. Qb3 Be6 24. Rfe1 h3 25. Bd3 Bf7 26. Bf1 hxg2 27. Bxg2
Rd8 28. Rad1 b6 29. Bxd5 Rh4 30. Ng2 Rxd5 31. Rxd5 Rd4 32. Rdxe5 Qxe5 33. Qc3
Re4 34. Qxe5 Rxe5 35. Rxe5 fxe5 36. Kf1 Ke7 37. Ke2 Kd6 38. Ne3 Kc5 39. Kd3
Bg6+ 40. Kc3 Kc6 41. Kb4 a5+ 42. Kc4 b5+ 43. Kb3 Kc5 44. Kc3 Bh7 45. Nf1 Kd5
46. Nd2 Bf5 47. Nb3 b4+ 48. axb4 axb4+ 49. Kxb4 Bxc2 50. Nc5 Bf5 51. Kb5 Bh3
52. Kb4 Kd4 53. Kb5 Bg2 54. Ne6+ Ke4 55. Nxg7 Kf3 56. Nf5 Bh3 57. Ng3 Kxf2 58.
Kc5 Ke3 59. Kd5 Kf4 60. Ne2+ Kf5 61. Ng3+ Kf4 62. Ne2+ 1/2-1/2

[Event "LLHH 2122 Hamburger SK IV - SK Weisse D"]
[Site "?"]
[Date "2021.12.12"]
[Round "3.4"]
[White "Baberz, Alexander"]
[Black "Ludwig, Jan"]
[Result "0-1"]
[WhiteElo "1986"]
[BlackElo "2047"]
[PlyCount "84"]
[EventDate "2021.??.??"]

1. d4 e6 2. Bf4 f5 3. e3 Nf6 4. c3 Be7 5. Bd3 O-O 6. Nd2 b6 7. h3 Bb7 8. Ngf3
Ne4 9. Qc2 d5 10. Ne5 Nd7 11. Ndf3 Bd6 12. Nxd7 Qxd7 13. Ne5 Qe7 14. O-O-O c5
15. Qe2 Rac8 16. f3 Nf6 17. g4 Nd7 18. Qh2 Bxe5 19. Bxe5 Nxe5 20. Qxe5 Qf6 21.
f4 Qxe5 22. fxe5 f4 23. Kd2 fxe3+ 24. Kxe3 Rc7 25. Rdf1 Rcf7 26. b3 Bc6 27.
Rxf7 Rxf7 28. h4 Rf8 29. Rf1 Rxf1 30. Bxf1 h6 31. dxc5 bxc5 32. g5 hxg5 33.
hxg5 Kf7 34. Bd3 Ke7 35. b4 d4+ 36. cxd4 cxb4 37. Bc4 Bd5 38. Bb3 Kf7 39. Kf4
a5 40. Bxd5 exd5 41. Kf5 g6+ 42. Kf4 a4 0-1

[Event "LLHH 2122 Hamburger SK IV - SK Weisse D"]
[Site "?"]
[Date "2021.12.12"]
[Round "3.5"]
[White "Schiele, Lars"]
[Black "Posske, Thore"]
[Result "1-0"]
[WhiteElo "2054"]
[BlackElo "2022"]
[PlyCount "55"]
[EventDate "2021.??.??"]

1. d4 d5 2. c4 c6 3. Nf3 e6 4. Nc3 dxc4 5. a4 Bb4 6. Bd2 b5 7. axb5 Bxc3 8.
Bxc3 cxb5 9. e3 a5 10. b3 Bb7 11. bxc4 b4 12. Bb2 Nf6 13. Bd3 Be4 14. Be2 O-O
15. O-O Nbd7 16. Ne1 Bc6 17. Nd3 Qb6 18. c5 Qb7 19. f3 Rfd8 20. Qd2 e5 21. dxe5
Nxc5 22. exf6 Nxd3 23. Bxd3 g6 24. Bd4 Qd7 25. Rfc1 Bb5 26. Be4 Ra6 27. Qe1 Rb8
28. Rc5 1-0

[Event "LLHH 2122 Hamburger SK IV - SK Weisse D"]
[Site "?"]
[Date "2021.12.12"]
[Round "3.6"]
[White "Atri, Jamshid"]
[Black "Kuhle, Sebastian"]
[Result "1/2-1/2"]
[WhiteElo "1969"]
[BlackElo "2041"]
[PlyCount "68"]
[EventDate "2021.??.??"]

1. e4 e5 2. Nf3 Nf6 3. Nc3 Bb4 4. Nxe5 O-O 5. Be2 Re8 6. Nd3 Bxc3 7. dxc3 Nxe4
8. O-O b6 9. Re1 Bb7 10. c4 Nc6 11. Bf1 d6 12. Nf4 Nf6 13. Be3 Ne7 14. f3 Nf5
15. Bf2 Rxe1 16. Qxe1 Qd7 17. Qd2 Re8 18. b3 Ne7 19. a4 a5 20. Rd1 Ng6 21. Nxg6
hxg6 22. c5 bxc5 23. Qxa5 Ra8 24. Qd2 Qf5 25. Re1 Nd5 26. Bd3 Qf6 27. Be4 c6
28. Bg3 Rd8 29. c4 Nb4 30. Bb1 Qd4+ 31. Qxd4 cxd4 32. Rd1 c5 33. Rc1 Kf8 34.
Kf2 Bc6 1/2-1/2

[Event "LLHH 2122 Hamburger SK IV - SK Weisse D"]
[Site "?"]
[Date "2021.12.12"]
[Round "3.7"]
[White "Purniel Umpierre, Christian"]
[Black "Colpe, Helge"]
[Result "1-0"]
[WhiteElo "1988"]
[BlackElo "2042"]
[PlyCount "156"]
[EventDate "2021.??.??"]

1. d4 d5 2. Nc3 Nf6 3. Bf4 e6 4. e3 a6 5. Bd3 c5 6. dxc5 Bxc5 7. Nf3 b5 8. O-O
O-O 9. e4 d4 10. Ne2 Bb7 11. Ng3 Nfd7 12. e5 f5 13. exf6 Nxf6 14. Bg5 h6 15.
Bxf6 Qxf6 16. Ne4 Bxe4 17. Bxe4 Ra7 18. Qe2 Kh8 19. Bd3 Nd7 20. a4 bxa4 21.
Rxa4 Rb8 22. b3 a5 23. Nxd4 Nb6 24. Nc6 Nxa4 25. bxa4 Rf8 26. Nxa7 Bxa7 27. g3
Qd4 28. Kg2 e5 29. f3 Bc5 30. Qe4 Qxe4 31. fxe4 Rxf1 32. Kxf1 Kg8 33. Ke2 Kf7
34. Kf3 Kf6 35. Kg4 g6 36. Kf3 Bd4 37. Bc4 Bc5 38. Bd5 Bd4 39. h3 Ke7 40. Kg4
Kf6 41. Bc6 Ke7 42. Kf3 Kf6 43. Be8 Bc3 44. Ke2 g5 45. Kd3 Be1 46. g4 Ke7 47.
Bg6 Kd6 48. Kc4 Kc6 49. Be8+ Kd6 50. Kb5 Bc3 51. Bf7 Ke7 52. Bg6 Ke6 53. Bf5+
Ke7 54. Kc4 Bd2 55. Kd5 Bc3 56. Be6 Kf6 57. Kd6 Bb4+ 58. Kd7 Bc3 59. Bd5 Kg6
60. Ke6 h5 61. Bc6 hxg4 62. hxg4 Bd4 63. Be8+ Kg7 64. Kf5 Be3 65. Kxe5 Kf8 66.
Bb5 Ke7 67. Kd5 Ba7 68. e5 Bb6 69. Bd3 Be3 70. c4 Bb6 71. c5 Bc7 72. Bc4 Bb8
73. Ke4 Ba7 74. c6 Bb6 75. Kf5 Be3 76. Bb5 Kd8 77. e6 Bf4 78. Kf6 Bd6 1-0

[Event "LLHH 2122 Hamburger SK IV - SK Weisse D"]
[Site "?"]
[Date "2021.12.12"]
[Round "3.8"]
[White "Salenko, Vadim"]
[Black "Opasiak, Dustin Tennessee"]
[Result "1-0"]
[WhiteElo "1990"]
[BlackElo "1725"]
[PlyCount "117"]
[EventDate "2021.??.??"]

1. d4 Nf6 2. e3 d5 3. Bd3 g6 4. Nd2 Bg7 5. f4 c5 6. c3 Qc7 7. Ngf3 Bf5 8. Bxf5
gxf5 9. Ne5 e6 10. O-O Nc6 11. Qe2 h5 12. Rf3 O-O-O 13. Rh3 Nxe5 14. fxe5 Ng4
15. Nf1 Rh7 16. Bd2 c4 17. Be1 Rg8 18. Rh4 Bh6 19. h3 Bg5 20. hxg4 Bxh4 21.
Bxh4 Rxg4 22. g3 Rhg7 23. Kf2 Qb6 24. Rb1 Qa5 25. Ra1 Rxh4 26. gxh4 Rg4 27. Nh2
Rxh4 28. Nf3 Rg4 29. a3 Qd8 30. Rh1 Qg8 31. Kf1 Qg6 32. Nh4 Qg5 33. Ng2 h4 34.
Nf4 Kc7 35. Qf2 Rg3 36. Rg1 Qg4 37. Rxg3 hxg3 38. Qe2 Qh4 39. Qh5 Qe7 40. Kg2
b5 41. Kxg3 a5 42. Qh6 b4 43. axb4 axb4 44. Qf6 Qe8 45. cxb4 Kc6 46. Kf2 Kb5
47. Ne2 Kxb4 48. Nc1 Qf8 49. Ke2 Qe8 50. Qh4 Ka4 51. Kd1 Qg8 52. Qe1 Qg4+ 53.
Ne2 Qf3 54. Kd2 Kb4 55. Qa1 Kb5 56. Qa7 Qh5 57. Qb7+ Ka5 58. Nc3 Qh2+ 59. Kc1
1-0

[Event "LLHH 2122 FC St. Pauli III - TV Fischbe"]
[Site "?"]
[Date "2022.03.26"]
[Round "3.1"]
[White "Serrer, Christoph"]
[Black "Kahlert, Thomas"]
[Result "1/2-1/2"]
[WhiteElo "2278"]
[BlackElo "2148"]
[PlyCount "41"]
[EventDate "2022.??.??"]

1. d4 Nf6 2. Nf3 g6 3. c4 Bg7 4. e3 O-O 5. Be2 c6 6. O-O d5 7. Nc3 Bg4 8. cxd5
cxd5 9. Qb3 Bc8 10. Bd2 Nc6 11. Rfc1 Na5 12. Qb4 b6 13. Ne5 Bb7 14. Be1 Nd7 15.
Nf3 Rc8 16. Nb5 Nc6 17. Qb3 a6 18. Nc3 Na5 19. Qb4 Nc6 20. Qb3 Na5 21. Qb4
1/2-1/2

[Event "LLHH 2122 FC St. Pauli III - TV Fischbe"]
[Site "?"]
[Date "2022.03.26"]
[Round "3.2"]
[White "Thomaschke, Dirk"]
[Black "de Voogt, Juergen"]
[Result "0-1"]
[WhiteElo "2179"]
[BlackElo "2239"]
[PlyCount "46"]
[EventDate "2022.??.??"]

1. e4 c5 2. Nf3 e6 3. d4 cxd4 4. Nxd4 a6 5. Nc3 Qc7 6. Be3 Bb4 7. Qd2 Nf6 8. f3
d5 9. a3 Bxc3 10. bxc3 dxe4 11. c4 O-O 12. O-O-O Nc6 13. Nxc6 Qxc6 14. Bd4 Rd8
15. Qg5 h6 16. Qh4 e5 17. Bxe5 Rxd1+ 18. Kxd1 exf3 19. Bxf6 fxg2 20. Rg1
gxf1=Q+ 21. Rxf1 Qg2 22. Qe1 Bg4+ 23. Kc1 gxf6 0-1

[Event "LLHH 2122 FC St. Pauli III - TV Fischbe"]
[Site "?"]
[Date "2022.03.26"]
[Round "3.5"]
[White "Schermer, Denis"]
[Black "David, Torsten"]
[Result "1/2-1/2"]
[WhiteElo "1996"]
[BlackElo "2064"]
[PlyCount "26"]
[EventDate "2022.??.??"]

1. d4 Nf6 2. Nf3 b5 3. g3 Bb7 4. Bg2 e6 5. O-O c5 6. Bg5 Be7 7. dxc5 Bxc5 8.
Qd3 a6 9. Nbd2 Be7 10. e4 d6 11. c3 Nbd7 12. Qe2 Qc7 13. Nd4 O-O 1/2-1/2

[Event "LLHH 2122 FC St. Pauli III - TV Fischbe"]
[Site "?"]
[Date "2022.03.26"]
[Round "3.6"]
[White "Kessler, Bernd"]
[Black "Peters, Thomas"]
[Result "1/2-1/2"]
[WhiteElo "2028"]
[BlackElo "1832"]
[PlyCount "62"]
[EventDate "2022.??.??"]

1. d4 d5 2. Bg5 c6 3. Nf3 Qb6 4. Qc1 Bg4 5. Nbd2 e6 6. e3 h6 7. Bh4 Nd7 8. Bd3
f5 9. Bg3 Ngf6 10. Ne5 Nxe5 11. Bxe5 Nd7 12. Bg3 c5 13. c3 Be7 14. Nf3 Bxf3 15.
gxf3 g5 16. f4 g4 17. h3 gxh3 18. Rxh3 O-O-O 19. Qc2 Kb8 20. Bh4 Bxh4 21. Rxh4
Rdg8 22. O-O-O cxd4 23. exd4 Rg4 24. Rdh1 Rxh4 25. Rxh4 Nf8 26. Rh1 Qd6 27. Rg1
Qxf4+ 28. Kb1 h5 29. Qa4 Qc7 30. Qe8+ Qc8 31. Qe7 h4 1/2-1/2

[Event "LLHH 2122 FC St. Pauli III - TV Fischbe"]
[Site "?"]
[Date "2022.03.26"]
[Round "3.7"]
[White "Rolf, Marco"]
[Black "Biemann, Marco"]
[Result "1/2-1/2"]
[WhiteElo "2059"]
[BlackElo "1963"]
[PlyCount "82"]
[EventDate "2022.??.??"]

1. d4 c5 2. d5 Nf6 3. c4 e6 4. Nc3 exd5 5. cxd5 d6 6. e4 g6 7. f4 Bg7 8. Bb5+
Nfd7 9. a4 O-O 10. Nf3 Na6 11. O-O Nb4 12. Re1 a6 13. Bf1 Re8 14. Be3 Nf6 15.
Bf2 Bg4 16. Rc1 Nd7 17. Kh1 Rc8 18. h3 Bxf3 19. Qxf3 Qe7 20. Bc4 Qf8 21. g4 f5
22. gxf5 gxf5 23. Rg1 fxe4 24. Nxe4 Ne5 25. Qg3 Nxc4 26. Rxc4 Rc7 27. Nc3 Kh8
28. Qg4 Qf7 29. Rd1 Qd7 30. Re4 Re7 31. Rxe7 Qxe7 32. Re1 Qf8 33. Bh4 Nd3 34.
Re6 Nxf4 35. Re4 Ng6 36. Bg3 Ne5 37. Qe2 Rf7 38. Kg2 Rf5 39. Rh4 Qf7 40. a5 Qg6
41. Ne4 Kg8 1/2-1/2

[Event "LLHH 2122 FC St. Pauli III - TV Fischbe"]
[Site "?"]
[Date "2022.03.26"]
[Round "3.8"]
[White "Schleicher, Guido"]
[Black "Egelriede, Nikolas"]
[Result "1-0"]
[WhiteElo "2234"]
[BlackElo "1855"]
[PlyCount "73"]
[EventDate "2022.??.??"]

1. c4 c6 2. Nf3 Nf6 3. g3 d6 4. Bg2 e5 5. d3 Be7 6. Nc3 O-O 7. O-O Bg4 8. h3
Bh5 9. b4 Nbd7 10. b5 Rc8 11. Bd2 h6 12. a4 Qc7 13. Rc1 Bg6 14. e4 Rfd8 15. g4
Nf8 16. Ne2 N6d7 17. Ng3 Nc5 18. Be3 Nfe6 19. Nf5 Nf4 20. Bxf4 exf4 21. N3h4
Bf6 22. d4 Ne6 23. Nf3 Ng5 24. Nxg5 Bxg5 25. Bf3 Re8 26. Re1 Qd7 27. Qd3 Bh7
28. Qa3 Rcd8 29. c5 d5 30. exd5 cxd5 31. Nd6 Rxe1+ 32. Rxe1 h5 33. Bxd5 hxg4
34. Bxf7+ Kf8 35. Be6 Qe7 36. hxg4 Bg8 37. Qb3 1-0

[Event "LLHH 2122 SK Marmstorf - SV Diagonale H"]
[Site "?"]
[Date "2022.04.10"]
[Round "3.1"]
[White "Fries-Nielsen, Jens Ove"]
[Black "Hebbinghaus, Holger"]
[Result "1/2-1/2"]
[WhiteElo "2368"]
[BlackElo "2281"]
[PlyCount "43"]
[EventDate "2022.??.??"]

1. Nf3 d5 2. b3 Nf6 3. Ba3 Nbd7 4. c4 e6 5. Bxf8 Nxf8 6. g3 Ng6 7. cxd5 exd5 8.
Bg2 Qe7 9. Nc3 c6 10. O-O O-O 11. d3 Bg4 12. Qd2 Rad8 13. Rac1 Rfe8 14. Rfe1
Bc8 15. e3 Ne5 16. Nxe5 Qxe5 17. Ne2 Qh5 18. Qb4 Ng4 19. h3 Ne5 20. Nf4 Qh6 21.
d4 Ng6 22. Nxg6 1/2-1/2

[Event "LLHH 2122 SK Marmstorf - SV Diagonale H"]
[Site "?"]
[Date "2022.04.10"]
[Round "3.2"]
[White "Hawellek, Jeronimo"]
[Black "Fries-Nielsen, Niels Jorgen"]
[Result "1/2-1/2"]
[WhiteElo "2253"]
[BlackElo "2295"]
[PlyCount "31"]
[EventDate "2022.??.??"]

1. d4 c5 2. d5 Nf6 3. c4 b5 4. cxb5 a6 5. b6 d6 6. Nc3 Nbd7 7. e4 g6 8. a4 a5
9. Bb5 Bg7 10. Nf3 O-O 11. O-O Ba6 12. h3 Bxb5 13. axb5 Nxb6 14. Bf4 Nfd7 15.
Qe2 Qc7 16. Rfe1 1/2-1/2

[Event "LLHH 2122 SK Marmstorf - SV Diagonale H"]
[Site "?"]
[Date "2022.04.10"]
[Round "3.3"]
[White "Easwaralingam, Adesh"]
[Black "Mueller, Jan-Hendrik"]
[Result "1/2-1/2"]
[WhiteElo "2081"]
[BlackElo "2118"]
[PlyCount "97"]
[EventDate "2022.??.??"]

1. e4 e5 2. Nf3 Nc6 3. Bb5 a6 4. Ba4 Nf6 5. O-O Be7 6. d3 b5 7. Bb3 d6 8. a3
O-O 9. Nc3 Nb8 10. Ba2 Nbd7 11. b4 h6 12. Ne2 Re8 13. Ng3 Nf8 14. h3 Be6 15. d4
Bxa2 16. Rxa2 Ng6 17. d5 c6 18. dxc6 Qc7 19. c4 bxc4 20. Rc2 Qxc6 21. Nd2 d5
22. exd5 Nxd5 23. Nxc4 Ndf4 24. Bxf4 Nxf4 25. Ne3 Qb7 26. Ngf5 Bf8 27. Nd6 Bxd6
28. Qxd6 Re6 29. Qc7 Qe4 30. Qc4 Qg6 31. Kh2 Qh5 32. Qe4 Rae8 33. Qf5 Qxf5 34.
Nxf5 h5 35. Rd1 e4 36. Rd7 Nd3 37. Re2 Ne5 38. Rd5 g6 39. Nd6 Rd8 40. Rxe4 f6
41. Red4 Kf8 42. Nb7 Rxd5 43. Rxd5 Nc4 44. Rd3 Ke7 45. Nc5 Rc6 46. Rc3 Nd6 47.
Re3+ Kf7 48. Re6 a5 49. Re3 1/2-1/2

[Event "LLHH 2122 SK Marmstorf - SV Diagonale H"]
[Site "?"]
[Date "2022.04.10"]
[Round "3.4"]
[White "Ramme, Christoph"]
[Black "Wasmuth, Matthias"]
[Result "0-1"]
[WhiteElo "2151"]
[BlackElo "2153"]
[PlyCount "52"]
[EventDate "2022.??.??"]

1. e4 c5 2. Nf3 d6 3. d4 cxd4 4. Nxd4 Nf6 5. Nc3 g6 6. Be3 Bg7 7. f3 O-O 8. Qd2
Nc6 9. O-O-O Nxd4 10. Bxd4 Be6 11. Kb1 Qc7 12. h4 Rfc8 13. g4 Qa5 14. a3 Rab8
15. h5 b5 16. hxg6 hxg6 17. g5 b4 18. Ne2 Nh5 19. Bxg7 Kxg7 20. Nd4 Rc5 21.
Nxe6+ fxe6 22. axb4 Rxb4 23. b3 Qa3 24. Bh3 Nf4 25. Rc1 e5 26. Bd7 Ra5 0-1

[Event "LLHH 2122 SK Marmstorf - SV Diagonale H"]
[Site "?"]
[Date "2022.04.10"]
[Round "3.5"]
[White "Martin-Sommerfeldt, Luis"]
[Black "Diekmann, Jens"]
[Result "1/2-1/2"]
[WhiteElo "2019"]
[BlackElo "2061"]
[PlyCount "25"]
[EventDate "2022.??.??"]

1. Nf3 Nf6 2. c4 e6 3. Nc3 d5 4. d4 Be7 5. e3 O-O 6. b3 b6 7. Bb2 Bb7 8. Be2 c5
9. cxd5 cxd4 10. Nxd4 Nxd5 11. O-O Nxc3 12. Bxc3 e5 13. Nf5 1/2-1/2

[Event "LLHH 2122 SK Marmstorf - SV Diagonale H"]
[Site "?"]
[Date "2022.04.10"]
[Round "3.7"]
[White "Holst, Marten"]
[Black "Anderberg, Peter"]
[Result "0-1"]
[WhiteElo "1932"]
[BlackElo "1979"]
[PlyCount "36"]
[EventDate "2022.??.??"]

1. b3 d5 2. e3 Nf6 3. Bb2 e6 4. f4 Be7 5. Nf3 O-O 6. Be2 c5 7. O-O b6 8. Qe1
Bb7 9. Qg3 Nc6 10. d3 d4 11. e4 Nh5 12. Qg4 g6 13. Bc1 f5 14. Qh3 Nb4 15. Ng5
Bxg5 16. fxg5 Nxc2 17. Bxh5 gxh5 18. Qxh5 Qe8 0-1

[Event "LLHH 2122 SK Marmstorf - SV Diagonale H"]
[Site "?"]
[Date "2022.04.10"]
[Round "3.8"]
[White "Peschke, Andres"]
[Black "Syed, Tareq"]
[Result "0-1"]
[WhiteElo "1920"]
[BlackElo "1967"]
[PlyCount "86"]
[EventDate "2022.??.??"]

1. Nf3 c6 2. g3 d6 3. Bg2 e5 4. d3 Nf6 5. Nbd2 Be7 6. e4 O-O 7. O-O Nbd7 8. Re1
Re8 9. c3 Nf8 10. Nf1 Ng6 11. h3 Bf8 12. Be3 d5 13. Qc2 Qc7 14. Rad1 h6 15. b4
Nh7 16. N3d2 Be6 17. Nb3 f5 18. Bc5 dxe4 19. dxe4 f4 20. f3 b6 21. Bf2 Qf7 22.
g4 Be7 23. Nc1 Rec8 24. Nd2 c5 25. Qb2 Rc7 26. b5 c4 27. Bf1 Nh4 28. Be2 Bc5
29. Bxc5 Rxc5 30. a4 Ng5 31. Kh2 Rd8 32. Rf1 Rc7 33. Na2 h5 34. Nb4 hxg4 35.
hxg4 Qf6 36. Nc6 Rdd7 37. Qc2 g6 38. Nxc4 Nhxf3+ 39. Bxf3 Nxf3+ 40. Rxf3 Rh7+
41. Kg2 Qh4 42. Qd3 Rcd7 43. Rh3 Qxg4+ 0-1

[Event "LLHH 2122 TV Fischbek - SK Weisse Dame"]
[Site "?"]
[Date "2022.03.27"]
[Round "6.2"]
[White "de Voogt, Juergen"]
[Black "Lansky, Georg"]
[Result "1-0"]
[WhiteElo "2239"]
[BlackElo "2012"]
[PlyCount "95"]
[EventDate "2022.??.??"]

1. e4 e6 2. d4 d5 3. e5 c5 4. c3 Nc6 5. Nf3 Qb6 6. Bd3 Nh6 7. O-O cxd4 8. cxd4
Nf5 9. Bxf5 exf5 10. b3 Be6 11. Ba3 Bxa3 12. Nxa3 Rc8 13. Nc2 h6 14. h4 Nb4 15.
Nxb4 Qxb4 16. Qe1 Qxe1 17. Rfxe1 Kd7 18. Rec1 f4 19. g3 fxg3 20. fxg3 Bg4 21.
Ne1 Bf5 22. Ng2 Be4 23. Ne3 f6 24. exf6 gxf6 25. Kf2 Ke6 26. Nd1 b5 27. Nc3 b4
28. Na4 Rhg8 29. Nc5+ Kf5 30. a3 a5 31. axb4 axb4 32. Ra4 Ra8 33. Rca1 Rxa4 34.
Rxa4 Kg4 35. Nxe4 dxe4 36. Rxb4 Kh3 37. d5 Rxg3 38. Rxe4 Rg2+ 39. Ke3 f5 40.
Rf4 Rg3+ 41. Rf3 Kxh4 42. d6 Rg6 43. d7 Rg8 44. Rxf5 Rd8 45. Rd5 Kg3 46. Ke4 h5
47. Ke5 h4 48. Ke6 1-0

[Event "LLHH 2122 TV Fischbek - SK Weisse Dame"]
[Site "?"]
[Date "2022.03.27"]
[Round "6.3"]
[White "Ludwig, Jan"]
[Black "Kneip, Jakob"]
[Result "0-1"]
[WhiteElo "2055"]
[BlackElo "2103"]
[PlyCount "94"]
[EventDate "2022.??.??"]

1. e4 c5 2. Nf3 e6 3. c3 Nc6 4. d4 d5 5. e5 Bd7 6. Bd3 Qb6 7. dxc5 Bxc5 8. O-O
Qc7 9. Qe2 Nge7 10. b4 Bb6 11. a4 a6 12. Ba3 Ng6 13. Re1 Nf4 14. Qd2 Nxd3 15.
Qxd3 Ne7 16. Bc1 Rc8 17. Be3 Bxe3 18. Qxe3 Nf5 19. Qe2 Qc4 20. Qb2 g5 21. Nfd2
Qg4 22. h3 Qh4 23. Nf3 Qf4 24. Qc1 Qxc1 25. Rxc1 Rg8 26. g4 Ne7 27. Nbd2 h6 28.
Nb3 Ng6 29. Nc5 Rc7 30. Nxd7 Kxd7 31. b5 a5 32. c4 Rxc4 33. Rxc4 dxc4 34. Rd1+
Ke7 35. Rc1 Rc8 36. Kh2 c3 37. Rc2 Rc4 38. Kg3 Nf4 39. h4 gxh4+ 40. Kxh4 Nd5
41. Kh5 Rxa4 42. Kxh6 Rxg4 43. Ra2 b6 44. Rc2 Rc4 45. Kg5 Nb4 46. Rc1 c2 47.
Ne1 a4 0-1

[Event "LLHH 2122 TV Fischbek - SK Weisse Dame"]
[Site "?"]
[Date "2022.03.27"]
[Round "6.4"]
[White "Brandt, Carina"]
[Black "Schiele, Lars"]
[Result "1/2-1/2"]
[WhiteElo "2078"]
[BlackElo "2063"]
[PlyCount "89"]
[EventDate "2022.??.??"]

1. e4 e5 2. Nf3 Nc6 3. Bc4 Bc5 4. c3 Nf6 5. b4 Bb6 6. d3 d6 7. O-O O-O 8. Nbd2
Ne7 9. d4 Ng6 10. Re1 c6 11. Bf1 Re8 12. a4 d5 13. a5 Bc7 14. Qc2 exd4 15. cxd4
dxe4 16. Nxe4 Bg4 17. b5 Bxf3 18. gxf3 Nxe4 19. Rxe4 Qd6 20. f4 Nh4 21. Rxe8+
Rxe8 22. Be3 Qd5 23. Qc5 Qe4 24. Qh5 Nf3+ 25. Kh1 Ne1+ 26. Kg1 Nc2 27. Bg2 Qd3
28. Rd1 Qxb5 29. Qxb5 cxb5 30. Bxb7 Bxa5 31. Bc6 Rb8 32. Bc1 Bc3 33. d5 a6 34.
d6 Nd4 35. Be4 Rd8 36. Ba3 Ne6 37. f5 Nd4 38. Bc5 b4 39. Kg2 a5 40. Rd3 a4 41.
Bxb4 Bxb4 42. Rxd4 Bxd6 43. Rxa4 Kf8 44. Ra7 Be5 45. Ra8 1/2-1/2

[Event "LLHH 2122 TV Fischbek - SK Weisse Dame"]
[Site "?"]
[Date "2022.03.27"]
[Round "6.5"]
[White "Kuhle, Sebastian"]
[Black "Schermer, Denis"]
[Result "1/2-1/2"]
[WhiteElo "2039"]
[BlackElo "1996"]
[PlyCount "58"]
[EventDate "2022.??.??"]

1. c4 c6 2. Nf3 d5 3. g3 Nf6 4. Bg2 g6 5. b3 Bg7 6. Bb2 O-O 7. O-O Bf5 8. d3
Qb6 9. Qc2 Na6 10. a3 Rad8 11. Nc3 dxc4 12. bxc4 Nc5 13. Rfd1 Qb3 14. Qxb3 Nxb3
15. Rab1 Ne8 16. Na4 Na5 17. Bxg7 Kxg7 18. Nh4 Bg4 19. f3 Bc8 20. f4 Nc7 21.
Nc5 b6 22. Nb3 Nxb3 23. Rxb3 Bb7 24. c5 b5 25. e3 a5 26. Kf2 Rb8 27. Nf3 Ne6
28. Rc1 f6 29. d4 Nc7 1/2-1/2

[Event "LLHH 2122 TV Fischbek - SK Weisse Dame"]
[Site "?"]
[Date "2022.03.27"]
[Round "6.6"]
[White "Rolf, Marco"]
[Black "Purniel Umpierre, Christian"]
[Result "1-0"]
[WhiteElo "2059"]
[BlackElo "2000"]
[PlyCount "61"]
[EventDate "2022.??.??"]

1. d4 d5 2. c4 e6 3. Nc3 Be7 4. cxd5 exd5 5. Nf3 Nf6 6. Bg5 c6 7. Qc2 Nbd7 8.
e3 h6 9. Bh4 O-O 10. Bd3 Re8 11. O-O Nf8 12. Rae1 Bg4 13. Ne5 Bh5 14. f4 N6d7
15. Bxe7 Qxe7 16. Qf2 f6 17. Nf3 Bg6 18. f5 Bf7 19. e4 dxe4 20. Nxe4 Nb6 21.
Qg3 Qd8 22. Nc5 Qb8 23. Rxe8 Bxe8 24. Qg4 Bf7 25. Ne6 g5 26. Nfxg5 h5 27. Qh4
fxg5 28. Qxg5+ Ng6 29. Qh6 Bxe6 30. Qxg6+ Kh8 31. fxe6 1-0

[Event "LLHH 2122 TV Fischbek - SK Weisse Dame"]
[Site "?"]
[Date "2022.03.27"]
[Round "6.7"]
[White "Habermann, Till"]
[Black "Reichhardt, Philip"]
[Result "1-0"]
[WhiteElo "1930"]
[BlackElo "1992"]
[PlyCount "119"]
[EventDate "2022.??.??"]

1. d4 d5 2. c4 e6 3. Nf3 Nf6 4. e3 Be7 5. Bd3 Nbd7 6. O-O O-O 7. b3 b6 8. a4 a5
9. Ne5 Bb7 10. Qc2 c5 11. cxd5 exd5 12. Bf5 cxd4 13. Nxd7 Nxd7 14. Bxh7+ Kh8
15. exd4 g6 16. Bxg6 fxg6 17. Qxg6 Rf6 18. Qh5+ Kg7 19. Nc3 Nf8 20. Re1 Rg6 21.
Ra2 Rc8 22. Rae2 Bb4 23. Re8 Qxe8 24. Rxe8 Rxe8 25. Bd2 Rc8 26. Qe5+ Kg8 27.
Nxd5 Re6 28. Qg5+ Kf7 29. Qf5+ Kg7 30. Qg5+ Kf7 31. Qf5+ Ke8 32. Qh5+ Kd7 33.
Qf7+ Be7 34. Qf5 Ke8 35. h3 Bd6 36. Nf6+ Ke7 37. Ng8+ Kd8 38. Bg5+ Kc7 39. Bf4
Kb8 40. d5 Re1+ 41. Kh2 Bxf4+ 42. Qxf4+ Ka7 43. Nf6 Ng6 44. Qg5 Ne5 45. d6 Rd8
46. Qd2 Rb1 47. d7 Rxb3 48. Qc2 Rb4 49. Qc7 Nc6 50. Ne8 Rd4 51. Nd6 Rxd6 52.
Qxd6 Nb8 53. h4 Rxd7 54. Qg6 Rd4 55. h5 Nd7 56. h6 Nf8 57. Qf6 Rxa4 58. Qxf8
Rg4 59. f3 Rg6 60. h7 1-0